| 000 | 00538nam a2200169 4500 | ||
|---|---|---|---|
| 999 |
_c40538 _d40538 |
||
| 003 | OSt | ||
| 005 | 20210121093148.0 | ||
| 008 | 210121b ||||| |||| 00| 0 eng d | ||
| 020 | _a978-1-4020-6066-3 | ||
| 040 | _coclc | ||
| 082 |
_a005.6 _bPAR/E |
||
| 100 |
_aParab, Jivan S _98305 |
||
| 245 |
_aExploring C for Microcontrollers: A Hands on Approach / _cJivan S Parab ; V G Sheake ; R K Kamat |
||
| 260 |
_aThe Netherlands: _bSpringer, _c2007. |
||
| 300 | _a157p | ||
| 942 |
_cBK _2ddc _h005.6 _iPAR/E _k005.6 _mPAR/E |
||